Dans quels départements sont ces villes de Normandie ? - Statistiques

Statistiques générales
  • Ce quiz a été pris 76 fois
  • Le résultat moyen est 11 sur 14
Statistiques - réponses
Hint Réponse % Correct
Cherbourg en Cotentin Manche
96%
Le Havre Seine Maritime
96%
Caen Calvados
90%
Rouen Seine Maritime
88%
Sotteville lès Rouen Seine Maritime
88%
Évreux Eure
84%
Alençon Orne
82%
Dieppe Seine Maritime
82%
Le Petit Quevilly Seine Maritime
76%
Vernon Eure
75%
Saint Étienne du Rouvray Seine Maritime
75%
Le Grand Quevilly Seine Maritime
72%
Hérouville Saint Clair Calvados
57%
Mont Saint Aignan Seine Maritime
51%
Aucun quiz correspondant
Distribution des résultats
% des personnes avec chaque résultat
Percentile par nombre de réponses
Votre historique - résultats
Vous n’avez pas pris ce quiz